Vedoucí pracovníci a čas. 2.

Možnosti racionálneho využívania času a stratégia hospodárenia s časom manažérov. Predpokladom efektívneho využívania času je určenie priorít cieľov. Ďalším praktickým krokom je identifikácia cieľov a odvodenie jednej alebo viacerých úloh. Osvedčený postup pri dosahovaní úspor času.

Salvato in:
Dettagli Bibliografici
Autore principale: Stýblo, Jiří
Natura: Capitolo di libro
Lingua:ceco
Soggetti:
Tags: Aggiungi Tag
Nessun Tag, puoi essere il primo ad aggiungerne!!

MARC

LEADER 00000naa a2200000 4500
001 r009473
005 20220831084600.0
041 0 |a cze 
044 |a [CS] 
245 1 0 |a Vedoucí pracovníci a čas. 2.  |c Jiří Stýblo 
520 |a Možnosti racionálneho využívania času a stratégia hospodárenia s časom manažérov. Predpokladom efektívneho využívania času je určenie priorít cieľov. Ďalším praktickým krokom je identifikácia cieľov a odvodenie jednej alebo viacerých úloh. Osvedčený postup pri dosahovaní úspor času. 
610 2 0 |a pracovníci vedúci 
610 2 0 |a čas 
610 2 0 |a manažéri 
610 2 0 |a využitie času pracovného 
610 2 0 |a efektívnosť 
610 2 0 |a úspory 
610 2 0 |a ciele podnikové 
100 1 |a Stýblo, Jiří